000 00884cam a2200289Ii 4500
001 54403
005 20230410104005.0
008 960620s1996 sp ab s 000 0 spa d
035 _a(OCoLC)ocm35008955
040 _aPL#
_cPL#
_dI5B
_dCGU
_dOCL
_dDRFGD
020 _a8481810851
020 _a9788481810851
043 _ae-sp---
050 1 4 _aC967c 1996
245 0 0 _aCultura en cifras /
_cMinisterio de Cultura.
260 _aMadrid :
_bMinisterio de Cultura,
_c1996.
300 _a183 p. :
_bcol. ill., maps. ;
_c30 cm.
440 0 _aColección Datos culturales ;
_vno. 5
650 0 _aPopular culture
_zSpain
_vStatistics.
651 0 _aSpain
_xCivilization
_y20th century.
651 0 _aSpain
_xIntellectural life.
653 _aCultura
_aEspaña
_aEstadísticas.
710 1 _aSpain.
_bMinisterio de Cultura.
942 _2lcc
_cbk
946 _almminaya
994 _aC0
_bDRFGD
999 _c29857
_d29857